ბათუმის შოთა რუსთაველის სახელმწიფო უნივერსიტეტის ბიბლიოთეკა

სავიზიტო ბარათი (ბიბ.ჩანაწერი № 49065)

000 -LEADER
fixed length control field 00839nam a2200229Ia 4500
001 - CONTROL NUMBER
control field 15971
003 - CONTROL NUMBER IDENTIFIER
control field GE_BSU
008 - FIXED-LENGTH DATA ELEMENTS--GENERAL INFORMATION
fixed length control field 181216s||||||||xx |||||||||||||| ||und||
040 ## - CATALOGING SOURCE
Transcribing agency GE_BSU
080 ## - UNIVERSAL DECIMAL CLASSIFICATION NUMBER
Universal Decimal Classification number 821.353.1-32
100 ## - MAIN ENTRY--PERSONAL NAME
Personal name ჯორჯიკია, ჯაჯუ
245 ## - TITLE STATEMENT
Title სავიზიტო ბარათი
245 ## - TITLE STATEMENT
Remainder of title მინიატურები
245 ## - TITLE STATEMENT
Statement of responsibility, etc. წიგნი შეადგინ. და წინასიტყვ. დაურთო ვ. წოწელიამ. რედ. ნ.ხომერიკი. მხ. ს.მელქაძე
260 ## - PUBLICATION, DISTRIBUTION, ETC.
Place of publication, distribution, etc. თბილისი
260 ## - PUBLICATION, DISTRIBUTION, ETC.
Name of publisher, distributor, etc. მერანი
260 ## - PUBLICATION, DISTRIBUTION, ETC.
Date of publication, distribution, etc. 1986
300 ## - PHYSICAL DESCRIPTION
Extent 133გვ. ; 16სმ
653 ## - INDEX TERM--UNCONTROLLED
Uncontrolled term მინიატურები
653 ## - INDEX TERM--UNCONTROLLED
Uncontrolled term სავიზიტო ბარათი
942 ## - ADDED ENTRY ELEMENTS (KOHA)
Koha item type წიგნი
ეგზემპლარები
Withdrawn status Lost status Damaged status Not for loan Date acquired Barcode Date last seen Price effective from Koha item type
        2018-12-17 37929 2018-12-17 2018-12-17 წიგნი
        2018-12-17 39730 2018-12-17 2018-12-17 წიგნი
        2018-12-17 39731 2018-12-17 2018-12-17 წიგნი